Knits Three Ways (Record no. 11535)

MARC details
000 -LEADER
fixed length control field 00373nam a2200145Ia 4500
008 - FIXED-LENGTH DATA ELEMENTS--GENERAL INFORMATION
fixed length control field 230312s9999||||xx |||||||||||||| ||und||
020 ## - INTERNATIONAL STANDARD BOOK NUMBER
International Standard Book Number 0-307-34564-6
082 ## - DEWEY DECIMAL CLASSIFICATION NUMBER
Classification number 704.942
Item number MAT-K
100 ## - MAIN ENTRY--PERSONAL NAME
Personal name Matthay;Melissa
245 #0 - TITLE STATEMENT
Title Knits Three Ways
260 ## - PUBLICATION, DISTRIBUTION, ETC.
Name of publisher, distributor, etc. Melissa Mathay
Place of publication, distribution, etc. China
Date of publication, distribution, etc. 2007
300 ## - PHYSICAL DESCRIPTION
Extent 158
650 ## - SUBJECT ADDED ENTRY--TOPICAL TERM
Topical term or geographic name entry element Architecture
Form subdivision Architecture/Art & Design
942 ## - ADDED ENTRY ELEMENTS (KOHA)
Koha item type BOOK
Holdings
Withdrawn status Lost status Source of classification or shelving scheme Damaged status Not for loan Home library Current library Date acquired Total Checkouts Full call number Barcode Date last seen Price effective from Koha item type
    Dewey Decimal Classification     Superior Information Resource Center (SIRC) Superior University- Main Campus Superior Information Resource Center (SIRC) Superior University- Main Campus 03/13/2023   704.942 MAT-K 11663 03/13/2023 03/13/2023 BOOK

Powered by Koha